00255 a2200109 4500001000700000020000600007040001100013100002500024240004600049245004100095362000900136171645 a  cMagnum aTocafundo, Ana Luzia10aUma aventura que virou uma boa licaolpor10aUma aventura que virou uma boa licao0 a1899